BRITISH EDUCATION GUIDE SOUTH ASIA ED. 1999, THE ESSENTIAL GUIDE TO STUDYING IN THE UK (Record no. 856264)

MARC details
000 -LEADER
fixed length control field 00342nam a2200109Ia 4500
008 - FIXED-LENGTH DATA ELEMENTS--GENERAL INFORMATION
fixed length control field 230822s1999 xx 000 0 und d
041 ## - LANGUAGE CODE
Language code of text/sound track or separate title eng
100 ## - MAIN ENTRY--PERSONAL NAME
Personal name B. C. L.
245 ## - TITLE STATEMENT
Title BRITISH EDUCATION GUIDE SOUTH ASIA ED. 1999, THE ESSENTIAL GUIDE TO STUDYING IN THE UK
260 ## - PUBLICATION, DISTRIBUTION, ETC.
Name of publisher, distributor, etc. THE ESSENTIAL GUIDE TO STUDYING IN THE UK
Date of publication, distribution, etc. 1999
300 ## - PHYSICAL DESCRIPTION
Extent 216

No items available.